UK geography tile select - Statistics

General Stats
  • This quiz has been taken 40 times
  • The average score is 58 of 80
Answer Stats
Question Tile Select % Correct
towns/cities on the coast Blackpool Yes
92%
towns/cities on the coast Bradford No
92%
London boroughs Hertsmere No
92%
towns/cities in the West Midlands Wallasey No
92%
towns/cities in the West Midlands Wendover No
92%
towns/cities in the West Midlands Widnes No
92%
towns/cities on the coast Beverley No
90%
towns/cities on the coast Blackburn No
90%
towns/cities on the coast Bournemouth Yes
90%
towns/cities on the coast Brighton Yes
90%
towns/cities on the coast Bury St Edmunds No
90%
London boroughs Hackney Yes
90%
London boroughs Haslemere No
90%
Scottish islands Skye Yes
90%
towns/cities in the West Midlands Warrington No
90%
towns/cities in the West Midlands Wells No
90%
towns/cities in the West Midlands Wolverhampton Yes
90%
towns/cities in the West Midlands Wyesham No
90%
Scottish islands Elgin No
87%
London boroughs Horsham No
87%
London boroughs Hounslow Yes
87%
Scottish islands Nairn No
87%
towns/cities in the West Midlands Wellington No
87%
towns/cities on the coast Bath No
85%
Scottish islands Fife No
85%
county towns Hereford Yes
85%
Scottish islands Mull Yes
85%
towns/cities in the West Midlands Wellingborough No
85%
towns/cities on the coast Basildon No
82%
London boroughs High Wycombe No
82%
towns/cities in the West Midlands Walsall Yes
82%
towns/cities in the West Midlands West Bromwich Yes
82%
towns/cities in the West Midlands Wrexham No
82%
Scottish islands Ayr No
79%
towns/cities on the coast Bourton-on-the-Water No
79%
county towns Worcester Yes
79%
Scottish islands Arran Yes
77%
towns/cities on the coast Birkenhead Yes
77%
towns/cities on the coast Bridgwater No
77%
county towns Gloucester Yes
77%
London boroughs Harrow Yes
77%
London boroughs Hornchurch No
77%
Scottish islands Islay Yes
77%
towns/cities on the coast Bognor Regis Yes
74%
London boroughs Harpenden No
74%
London boroughs Hayes No
74%
county towns Lincoln Yes
74%
county towns Warwick Yes
74%
Scottish islands Wick No
74%
London boroughs Heathrow No
72%
county towns Leicester Yes
72%
county towns Northampton Yes
72%
Scottish islands Barra Yes
69%
county towns Cambridge Yes
69%
county towns Oxford Yes
69%
London boroughs Hemel Hempstead No
67%
Scottish islands Jura Yes
67%
Scottish islands Oban No
67%
London boroughs Hillingdon Yes
64%
county towns Stafford Yes
64%
Scottish islands Bute Yes
62%
Scottish islands Moray No
62%
towns/cities on the coast Barrow-in-Furness Yes
59%
London boroughs Haringey Yes
59%
London boroughs Harlow No
59%
county towns Hertford Yes
56%
towns/cities on the coast Barnstaple No
54%
county towns Buckingham No
54%
towns/cities in the West Midlands Wednesbury Yes
51%
towns/cities in the West Midlands Worcester Yes
49%
towns/cities in the West Midlands Warwick Yes
46%
county towns Derby No
41%
towns/cities on the coast Bexhill Yes
36%
county towns York No
36%
London boroughs Havering Yes
33%
Scottish islands Hoy Yes
31%
county towns Lancaster No
31%
towns/cities in the West Midlands Willenhall Yes
28%
Scottish islands Yell Yes
26%
county towns Nottingham No
21%
No matching quizzes found
Score Distribution
Percent of People with Each Score
Percentile by Number Answered
Your Score History
You have not taken this quiz